Problems of political philosophy (Record no. 14523)
[ view plain ]
| 000 -LEADER | |
|---|---|
| fixed length control field | 00458nam a2200205Ia 4500 |
| 003 - CONTROL NUMBER IDENTIFIER | |
| control field | 0100 |
| 008 - FIXED-LENGTH DATA ELEMENTS--GENERAL INFORMATION | |
| fixed length control field | 130303s9999 xx 000 0 und d |
| 020 ## - INTERNATIONAL STANDARD BOOK NUMBER | |
| International Standard Book Number | 333211642 |
| 040 ## - CATALOGING SOURCE | |
| Transcribing agency | ARRUPELIB |
| 050 ## - LIBRARY OF CONGRESS CALL NUMBER | |
| Classification number | JA71.R271990 |
| 300 ## - PHYSICAL DESCRIPTION | |
| Other physical details | 207p. 22cm |
| 100 ## - MAIN ENTRY--PERSONAL NAME | |
| Personal name | Raphael, David Daiches |
| 245 ## - TITLE STATEMENT | |
| Title | Problems of political philosophy |
| 250 ## - EDITION STATEMENT | |
| Edition statement | 2nd ed. |
| 260 ## - PUBLICATION, DISTRIBUTION, ETC. (IMPRINT) | |
| Place of publication, distribution, etc | London |
| 260 ## - PUBLICATION, DISTRIBUTION, ETC. (IMPRINT) | |
| Name of publisher, distributor, etc | Macmillan |
| 260 ## - PUBLICATION, DISTRIBUTION, ETC. (IMPRINT) | |
| -- | 1990 |
| 300 ## - PHYSICAL DESCRIPTION | |
| Extent | viii |
| 942 00 - ADDED ENTRY ELEMENTS (KOHA) | |
| Koha issues (borrowed), all copies | 18 |
| Withdrawn status | Lost status | Source of classification or shelving scheme | Damaged status | Not for loan | Collection code | Home library | Current library | Shelving location | Date acquired | Total Checkouts | Full call number | Barcode | Date last seen | Date checked out | Copy number | Price effective from | Koha item type |
|---|---|---|---|---|---|---|---|---|---|---|---|---|---|---|---|---|---|
| Library of Congress Classification | Main Collection | ARRUPE LIBRARY | ARRUPE LIBRARY | 04/03/2013 | 26 | JA71.R271990 | 46003048361 | 19/03/2019 | 15/03/2019 | 1 | 04/03/2013 | Monograph ( Printed materials) | |||||
| Library of Congress Classification | Main Collection | ARRUPE LIBRARY | ARRUPE LIBRARY | 04/03/2013 | 6 | JA71.R271990 | 46003048366 | 21/06/2018 | 05/09/2016 | 2 | 04/03/2013 | Monograph ( Printed materials) | |||||
| Library of Congress Classification | Main Collection | ARRUPE LIBRARY | ARRUPE LIBRARY | 04/03/2013 | 21 | JA71.R27 1990 | 46003096631 | 27/10/2021 | 14/09/2020 | 3 | 04/03/2013 | Monograph ( Printed materials) |